Monarchs Who Did Not Die In Office - Statistics

General Stats
  • This quiz has been taken 52 times
  • The average score is 33 of 90
Answer Stats
Nation Reign Death Answer % Correct
Monarchs of England 1307-1327 1327(Later That Year) Edward II
97%
Monarchs of England 1936 1972 Edward VIII
97%
Holy Roman Emperors 1056-1106 1116 Henry IV
87%
Monarchs of England 1422-1461; 1470-1471 1471(Later That Year) Henry VI
87%
Monarchs of Spain 1516-1556 1558 Charles I
84%
Monarchs of Norway 1449-1450 1470 Charles I
84%
Monarchs of France 884-887 888 Charles II
84%
Monarchs of France 898-922 929 Charles III
84%
Monarchs of Spain 1788-1808 1819 Charles IV
84%
Holy Roman Emperors 1519-1556 1558 Charles V
84%
Monarchs of France 1824-1830 1836 Charles X
84%
Holy Roman Emperors 901-905 928 Louis III
84%
Monarchs of France 1774-1792 1793 Louis XVI
84%
Monarchs of England 1685-1688 1701 James II
81%
Monarchs of England 1377-1399 1400 Richard II
77%
Monarchs of Spain 1975-2014 N/A Juan Carlos I
68%
Monarchs of France 1804-1814; 1815 1821 Napoleon I
68%
Monarchs of France 1815 1832 Napoleon II
68%
Monarchs of England 1554-1558 1598 Philip
68%
Monarchs of Spain 1700-1724 1746 Philip V
68%
Tsars of Russia 1825 1831 Constantine
52%
Monarchs of Norway 961-980 987 Harold Bluetooth
52%
Tsars of Russia 1894-1917 1918 Nicholas II
52%
Roman/Byzantine Emperors 1258-1261 1305 John IV Laskaris
48%
Roman/Byzantine Emperors 1390 1408 John VII Palaiologos
48%
Roman/Byzantine Emperors 1347-1354 1383 John VI Kantakouzenos
48%
Monarchs of France 1830-1848 1850 Louis Philippe
48%
Tsars of Russia 1762 1762(Later That Year) Peter III
48%
Tsars of Russia 1740-1741 1764 Ivan VI
45%
Monarchs of Norway 1814 1848 Christian Frederick
42%
Monarchs of Norway 1513-1523 1559 Christian II
42%
Monarchs of Norway 1808-1814 1839 Frederick VI
42%
Monarchs of Spain 1808-1813 1844 Joseph I
42%
Roman/Byzantine Emperors 811-813 844 Michael I Rangabe
42%
Roman/Byzantine Emperors 1056-1057 1059 Michael VI Bringas
42%
Roman/Byzantine Emperors 1067-1078 1090 Michael VII Doukas
42%
Roman/Byzantine Emperors 1041-1042 1042(Later That Year) Michael V Kalaphates
42%
Monarchs of Spain 1886-1931 1941 Alfonso XIII
39%
Monarchs of England 1066 1121 Edgar II Aetheling
39%
Tsars of Russia 1326-1327 1329 Alexander
35%
Holy Roman Emperors 1194-1215 1218 Otto IV
35%
Monarchs of Spain 1833-1868 1904 Isabella II
32%
Monarchs of Norway 1015-1028 1030 Olaf II
32%
Monarchs of Spain 1870-1873 1890 Amadeo I
29%
Monarchs of Norway 932-934 952 Eric I Bloodaxe
29%
Monarchs of Norway 1389-1442 1459 Eric III
29%
Holy Roman Emperors 1792-1806 1835 Francis II
29%
Roman/Byzantine Emperors 474-475 480 Julius Nepos
29%
Roman/Byzantine Emperors 475-476 Unknown Romulus Augustulus
29%
Roman/Byzantine Emperors 284-305 311 Diocletian
26%
Monarchs of Norway 1130-1135 1139 Magnus IV
23%
Monarchs of Norway 1319-1343 1374 Magnus VII
23%
Monarchs of Norway 1872-1905 1907 Oscar II
23%
Roman/Byzantine Emperors 1195-1203 1211 Alexios III Angelos
19%
Roman/Byzantine Emperors 1204 1204(Later That Year) Alexios V Doukas
19%
Roman/Byzantine Emperors 1057-1059 1061 Isaac I Komnenos
19%
Roman/Byzantine Emperors 602-610 610(Later That Year) Phocas
19%
Roman/Byzantine Emperors 455-456 Unknown Avitus
16%
Monarchs of France 673-675 675(Later That Year) Childeric II
16%
Roman/Byzantine Emperors 308-324 325 Licinius
16%
Roman/Byzantine Emperors 582-602 602(Later That Year) Maurice
16%
Roman/Byzantine Emperors 286-305 310 Maximian
16%
Roman/Byzantine Emperors 1078-1081 1081(Later That Year) Nikephoros III Botaneiates
16%
Roman/Byzantine Emperors 698-705 706 Tiberius III
16%
Roman/Byzantine Emperors 473-474 Unknown Glycerius
13%
Roman/Byzantine Emperors 641 Unknown Heraklonas
13%
Roman/Byzantine Emperors 323-325 325(Later That Year) Joannes
13%
Roman/Byzantine Emperors 695-698 706 Leontios
13%
Roman/Byzantine Emperors 457-461 461(Later That Year) Majorian
13%
Roman/Byzantine Emperors 920-944 948 Romanos I Lekapenos
13%
Roman/Byzantine Emperors 1068-1071 1072 Romanos IV Diogenes
13%
Roman/Byzantine Emperors 306-307 307(Later That Year) Severus II
13%
Monarchs of Norway 1000-1013 1014 Sweyn Forkbeard
13%
Roman/Byzantine Emperors 715-717 Unknown Theodosius III
13%
Tsars of Russia 1606-1610 1612 Vasily IV
13%
Tsars of Russia 1434-1435 1448 Vasily Yuryevich
13%
Roman/Byzantine Emperors 350 356 Vetranio
13%
Tsars of Russia 1264-1271 1272 Yaroslav III
13%
Tsars of Russia 1318-1322 1325 Yuri III
13%
Roman/Byzantine Emperors 1282-1328 1332 Andronikos II Palaiologos
10%
Roman/Byzantine Emperors 1376-1379 1385 Andronikos IV Palaiologos
10%
Roman/Byzantine Emperors 475-476 477 Basilicus
6%
Tsars of Russia 1277-1281; 1283-1293 1294 Dmitry
6%
Tsars of Russia 1575-1576 Unknown Simeon
6%
Roman/Byzantine Emperors 713-715 718 Anastasios II
3%
Tsars of Russia 1158-1159; 1167-1169 1170 Mstislav
3%
Tsars of Russia 890-962 969 Olga of Kiev
3%
Tsars of Russia 1246-1248;1248-1249 1252 Sviatoslav III
3%
Tsars of Russia 1610-1612 1648 Władysław IV
3%
Tsars of Russia 1167 1173 Vladmir III
0%
No matching quizzes found
Score Distribution
Percent of People with Each Score
Percentile by Number Answered
Your Score History
You have not taken this quiz